| 000 | 00344nam a22001337a 4500 | ||
|---|---|---|---|
| 008 | 181011b xxu||||| |||| 00| 0 eng d | ||
| 020 | _a0470163607 | ||
| 041 | _aeng | ||
| 080 | _a159.9 | ||
| 100 | _a48 | ||
| 101 | _aPSI | ||
| 245 |
_aApplied Multiple Regression/ Correlation Analysis for the Behavioral Sciences _cCohen,J |
||
| 942 |
_2udc _cBK |
||
| 999 |
_c49327 _d49327 |
||